BIBLIOTECA

SENCICO

Manual del Albañil (Registro nro. 3477)

Detalles MARC
000 -LEADER
fixed length control field 00698nam a2200217Ia 4500
005 - DATE AND TIME OF LATEST TRANSACTION
control field 20251020182615.0
008 - FIXED-LENGTH DATA ELEMENTS--GENERAL INFORMATION
fixed length control field 200515s9999 xx 000 0 und d
082 ## - DEWEY DECIMAL CLASSIFICATION NUMBER
Classification number SC/693.1/C43
110 ## - MAIN ENTRY--CORPORATE NAME
Corporate name or jurisdiction name as entry element Icic
245 #0 - TITLE STATEMENT
Title Manual del Albañil
250 ## - EDITION STATEMENT
Edition statement 4a ed.
260 ## - PUBLICATION, DISTRIBUTION, ETC.
Place of publication, distribution, etc. México, D.F.
260 ## - PUBLICATION, DISTRIBUTION, ETC.
Date of publication, distribution, etc. 1984
520 ## - SUMMARY, ETC.
Summary, etc. Manual dividido en tres partes que contienen un conjunto de hojas de instrucción (de operaciones y de tecnología) que contienen las informaci9ones básicas sobre los conocimientos relacionados a una ocupación, en este caso la de Oficial Albañil
650 ## - SUBJECT ADDED ENTRY--TOPICAL TERM
Topical term or geographic name entry element ALBAÑILERIA
650 ## - SUBJECT ADDED ENTRY--TOPICAL TERM
Topical term or geographic name entry element HIT
650 ## - SUBJECT ADDED ENTRY--TOPICAL TERM
Topical term or geographic name entry element HO
650 ## - SUBJECT ADDED ENTRY--TOPICAL TERM
Topical term or geographic name entry element MANUALES
650 ## - SUBJECT ADDED ENTRY--TOPICAL TERM
Topical term or geographic name entry element PUB ICIC
942 ## - ADDED ENTRY ELEMENTS (KOHA)
Koha item type Libros
Existencias
Fecha de la última vez que lo usaron Pago total Signatura topográfica completa Código de barras Precio efectivo desde Tipo de documento Estado perdido Estado dañado No es para préstamo Retirado Ubicación permanente Ubicación actual Fecha de adquisición
15/05/2020   SC/693.1/C43 Bib-Lima15053477 15/05/2020 Libros         Biblioteca Central Lima Biblioteca Central Lima 15/05/2020